Govt. of
Madhya Pradesh

Normal view MARC view

Entry Topical Term

Number of records used in: 1

001 - CONTROL NUMBER

  • control field: 79930

003 - CONTROL NUMBER IDENTIFIER

  • control field: OSt

005 - DATE AND TIME OF LATEST TRANSACTION

  • control field: 20201003152854.0

008 - FIXED-LENGTH DATA ELEMENTS

  • fixed length control field: 201003|| aca||aabn | a|a d

040 ## - CATALOGING SOURCE

  • Original cataloging agency: OSt
  • Transcribing agency: OSt

150 ## - HEADING--TOPICAL TERM

  • Topical term or geographic name entry element: बैंक

670 ## - SOURCE DATA FOUND

  • Source citation: Work cat.: (OSt): अरिहंत 4827, सक्‍सेस मास्‍टर IBPS CRP-X बैंक PO प्रोबेशनरी ऑफिसर/मैनेजमेंट ट्रेनी मुख्‍य परीक्षा , 2020